01314cam a22003377a 4500003000500000005001700005008004100022010001000063011001000073035001000083040000900093082002000102100002800122245014900150260004000299300001100339590004100350590004100391590004100432590004100473590004200514650004800556650004900604700003000653700002700683901000700710942001000717949008000727999001700807952015200824CHAP20220329140646.0971013s1984 r 00010 d a55520 a56492 a60645 cCHAP a581.634063bS5500aSimon, James E.9106186 0aHerbs an indexed bibliography 1971-1980b: the scientific literature on selected herbs and aromatic and medicinal plants of the temperature zone aHamden, Conn. :bArchon Book,c1984 a770 p. aBATCH-UPDb10c20130110lUCH01h0120 aBATCH-UPDb10c20130110lUCH01h1624 aBATCH-UPDb10c20130410lUCH01h1018 aBATCH-UPDb10c20130914lUCH01h0746 aCONVERSIONb10c20130109lUCH01h133014aBotánica médicaxBibliografía.91468114aPlantas aromáticasxBibliografía.9889010 aChadwick, Alena F.9217150 aCraker, Lyle E.928815 aBK cLIBRO a581.634063 S55bBCcCd33724000524146eCgI. 132544h69031i60645sit35.00 c55520d55520 00102ddc4051708CaBCbBCcPA_CONSULTAd2019-12-31eI. 132544fLIBROl0o581.634063 S55p33724000524146r2019-12-31 00:00:00w2019-12-31yLIBRO